000 00213nam a2200085Ia 4500
008 120527s9999 xx 000 0 und d
100 _aGraretter & Walhan
245 _aEssentials of statistics for the..
942 _cBK
999 _c27519
_d27519